000 00710nam a2200181Ia 4500
008 090201s9999 xx 000 0 und d
010 _aKPL-71097
040 _bमराठी
041 _aमराठी
082 _a49263
_b71097
100 _aचेस जेम्स हॅडली/ अनु.हुद्दार मधुकर
245 _aग्लेन हील मर्डर
_cचेस जेम्स हॅडली/ अनु.हुद्दार मधुकर
250 _a1
260 _c2006
_bनंदादीप बुक सर्व्हिसेस्
300 _a172
_bमध्यम
600 _aग्लेन हील मर्डर
942 _cBOOK
999 _c245846
_d245846